00539 2200205 4500001002100000005001500021008004100036020002200077035001900099041000700118082000800125090001700133100002100150245004100171250000600212260003700218300003700255500001100292650003000303INLIS00000000000452720241224112929241224||||||||| | ||| |||| || |  a978-979-29-2728-3 0010-1224004527 aid0 a639 a639.31 EKO S0 aEKO BUDI KUNCORO00aSukses Budi Daya Ikan Hias Air Tawar a1 aYogyakartabLILY PUBLISHERc2013 a23x19 cm, viii, 436 hlm.; ilus.: aCet. 2 0aIlmu Terapan -- Perikanan